<?xml version="1.0" encoding="UTF-8"?>
<collection xmlns="http://www.loc.gov/MARC21/slim">
    <record>
        <controlfield tag="001">70642</controlfield>
        <controlfield tag="005">20190221115638.0</controlfield>
        <datafield tag="024" ind1="7" ind2=" ">
            <subfield code="2">doi</subfield>
            <subfield code="a">10.17583/rimcis.2016.2372</subfield>
        </datafield>
        <datafield tag="024" ind1="8" ind2=" ">
            <subfield code="2">sideral</subfield>
            <subfield code="a">106015</subfield>
        </datafield>
        <datafield tag="037" ind1=" " ind2=" ">
            <subfield code="a">ART-2016-106015</subfield>
        </datafield>
        <datafield tag="041" ind1=" " ind2=" ">
            <subfield code="a">spa</subfield>
        </datafield>
        <datafield tag="100" ind1=" " ind2=" ">
            <subfield code="0">(orcid)0000-0003-0937-4861</subfield>
            <subfield code="a">Elboj Saso, C.</subfield>
            <subfield code="u">Universidad de Zaragoza</subfield>
        </datafield>
        <datafield tag="245" ind1=" " ind2=" ">
            <subfield code="a">Teoría Sociológica Aplicada</subfield>
        </datafield>
        <datafield tag="260" ind1=" " ind2=" ">
            <subfield code="c">2016</subfield>
        </datafield>
        <datafield tag="506" ind1="0" ind2=" ">
            <subfield code="a">Access copy available to the general public</subfield>
            <subfield code="f">Unrestricted</subfield>
        </datafield>
        <datafield tag="520" ind1="3" ind2=" ">
            <subfield code="a">Review: Requena Santos, F., &amp; Ayuso Sánchez, L. (2015). Teoría Sociológica Aplicada. Barcelona: Anthropos. ISBN 9788416421275)
"Teoría sociológica aplicada" es un texto que además de hacer una revisión de las diferentes teorías sociológicas, enfatiza su utilidad práctica para la investigación social, entendiendo dichas teorías como herramientas para comprender la realidad que nos rodea y los problemas específicos a los que, como investigadores sociales, nos enfrentamos. Parte por tanto de la superación de enfoques dicotómicos entre teoría y práctica abogando por la teoría como la lente que nos permite entender mejor los problemas sociales.
La primera parte del volumen (Capítulo 1 y Capítulo 2) se enfoca en evidenciar la importancia del trabajo teórico para el abordaje de la realidad social, tanto en su objeto material como en su objeto formal, pero siempre con un enfoque pragmático de la teoría como base de solución de problemas y de la toma de decisiones...</subfield>
        </datafield>
        <datafield tag="540" ind1=" " ind2=" ">
            <subfield code="9">info:eu-repo/semantics/openAccess</subfield>
            <subfield code="a">by</subfield>
            <subfield code="u">http://creativecommons.org/licenses/by/3.0/es/</subfield>
        </datafield>
        <datafield tag="655" ind1=" " ind2="4">
            <subfield code="a">info:eu-repo/semantics/other</subfield>
            <subfield code="v">info:eu-repo/semantics/publishedVersion</subfield>
        </datafield>
        <datafield tag="710" ind1="2" ind2=" ">
            <subfield code="1">4009</subfield>
            <subfield code="2">775</subfield>
            <subfield code="a">Universidad de Zaragoza</subfield>
            <subfield code="b">Departamento de Psicología y Sociología</subfield>
            <subfield code="c">Sociología</subfield>
        </datafield>
        <datafield tag="773" ind1=" " ind2=" ">
            <subfield code="g">5, 3 (2016), 298-301</subfield>
            <subfield code="p">RIMCIS</subfield>
            <subfield code="t">RIMCIS</subfield>
            <subfield code="x">2014-3680</subfield>
        </datafield>
        <datafield tag="856" ind1="4" ind2=" ">
            <subfield code="s">266408</subfield>
            <subfield code="u">http://zaguan.unizar.es/record/70642/files/texto_completo.pdf</subfield>
            <subfield code="y">Versión publicada</subfield>
        </datafield>
        <datafield tag="856" ind1="4" ind2=" ">
            <subfield code="s">26754</subfield>
            <subfield code="u">http://zaguan.unizar.es/record/70642/files/texto_completo.jpg?subformat=icon</subfield>
            <subfield code="x">icon</subfield>
            <subfield code="y">Versión publicada</subfield>
        </datafield>
        <datafield tag="909" ind1="C" ind2="O">
            <subfield code="o">oai:zaguan.unizar.es:70642</subfield>
            <subfield code="p">articulos</subfield>
            <subfield code="p">driver</subfield>
        </datafield>
        <datafield tag="951" ind1=" " ind2=" ">
            <subfield code="a">2018-05-21-12:25:25</subfield>
        </datafield>
        <datafield tag="980" ind1=" " ind2=" ">
            <subfield code="a">ARTICLE</subfield>
        </datafield>
    </record>

    
</collection>